| 000 | 00990cab a2200277 4500 | ||
|---|---|---|---|
| 001 | ABS44595 | ||
| 008 | 090401t1991 xxu||||| |||| 00| 0 eng d | ||
| 035 | _a(Sirsi) u47933 | ||
| 041 | _aeng | ||
| 100 | _aChappell, D. | ||
| 245 | _aForms of contract: how to choose one | ||
| 260 | _c1991 | ||
| 350 | _a0 | ||
| 490 |
_aArchitects` Journal _v26(193) 26 June 1991, 55-57(3) |
||
| 520 | _aAdvises on how to choose the correct form of building contract for a project, seeing this as the architects responsibility. Gives a flow chart as guidance and a detailed table comparing the advantages, disadvantages and clauses of the different contracts. | ||
| 650 | _aACA2 | ||
| 650 | _aCOMPARISON | ||
| 650 | _aCONSTRUCTION PROCUREMENT | ||
| 650 | _aIFC84 | ||
| 650 | _aJCT STANDARD FORM OF BUILDING CONTRACT (1980 EDITION) | ||
| 650 | _aJCT 1981 | ||
| 650 | _aJCT MANAGEMENT CONTRACT | ||
| 690 | _aBUILT ENVIRONMENT-BUILDING CONTRACT FORMS | ||
| 942 | _n0 | ||
| 948 | _c04/03/1997 | ||
| 999 |
_c30142 _d30142 |
||